000
00341nam a2200157Ia 4500
100
_a
Shah/Sharanam/ Shah/Vaishali
650
_a
Java
942
_c
BK
366
_f
20
245
_a
Java EE 6: For beginners
260
_b
Shroff Publishers
_c
2010
082
_a
5.133
_b
SHA
300
_a
985
546
_a
ENGLISH
_c
Computers
999
_c
30233
_d
30233